00720nam a2200205 a 450000100100000000500170001000800410002704000250006808200150009310000240010824500570013225000120018926000380020130000280023950000210026750400730028859000260036195201120038799900150049900000195720200929145755.0090630s1970 xxua r 001 0 eng d aDO-SdBNPbspacBNPHU axxxxbxxxx1 aYeoman, R. S.9635010aA guide book of United States coins /cR. S. Yeoman. a23a ed. aEstados Unidos :bWhitman,c1970. a255 p. :bil. ;c20 cm. aIncluye índice aIncluye referencias bilbiográficas y notas al pie de las páginas aInventariado, 2019/BT 001050718MOaGRbGRcHDd2009-06-30iLF1l0oxxxx xxxxp1957-10r2020-06-25w2020-06-25y1ZNo se presta c1823d1823